| 000 | 00367 a2200133 4500 | ||
|---|---|---|---|
| 001 | ART_56797 | ||
| 005 | 20260410162049.0 | ||
| 008 | 260409a | ||
| 245 | 1 | 0 | _aActualidad tributaria |
| 100 | 1 | _aDalmasio, Adalberto Raúl | |
| 700 | 1 | _aBaldo, Alberto | |
| 700 | 1 | _aFontán, Oscar Alonso | |
| 773 | 0 |
_tImpuestos _g- N° 128 (jul. 2022) _wREV45175 |
|
| 999 |
_c35615 _d35615 |
||